000 00423nam a2200181Ia 4500
001 12766
005 20260306163005.0
008 260306t1979||||xx |||||||||||||| ||spa||
041 _aESP
082 _aRD 230.03
_bI31
100 _aIdígoras, J. L.
_eAUT
245 0 _aVocabulario teológico desde nuestra realidad
260 _c1979
300 _a
_c
650 _aGEN
654 _aCHU
942 _cLIB
_dJUS
_fJUS
_2ddc
_n
999 _c12766
_d12766